|
|
|
|
| LEADER |
02633nam a22003853i 4500 |
| 001 |
EBC6759152 |
| 003 |
MiAaPQ |
| 005 |
20231204023219.0 |
| 006 |
m o d | |
| 007 |
cr cnu|||||||| |
| 008 |
231204s2018 xx o ||||0 eng d |
| 020 |
|
|
|a 9783839437834
|q (electronic bk.)
|
| 020 |
|
|
|z 9783837637830
|
| 035 |
|
|
|a (MiAaPQ)EBC6759152
|
| 035 |
|
|
|a (Au-PeEL)EBL6759152
|
| 035 |
|
|
|a (OCoLC)1291318419
|
| 040 |
|
|
|a MiAaPQ
|b eng
|e rda
|e pn
|c MiAaPQ
|d MiAaPQ
|
| 100 |
1 |
|
|a Rogge, Jörg.
|
| 245 |
1 |
0 |
|a Killing and Being Killed :
|b Perspectives on Fighters in the Middle Ages.
|
| 250 |
|
|
|a 1st ed.
|
| 264 |
|
1 |
|a Bielefeld :
|b transcript,
|c 2018.
|
| 264 |
|
4 |
|c {copy}2017.
|
| 300 |
|
|
|a 1 online resource (272 pages)
|
| 336 |
|
|
|a text
|b txt
|2 rdacontent
|
| 337 |
|
|
|a computer
|b c
|2 rdamedia
|
| 338 |
|
|
|a online resource
|b cr
|2 rdacarrier
|
| 490 |
1 |
|
|a Mainzer Historische Kulturwissenschaften ;
|v v.38
|
| 505 |
0 |
|
|a Intro -- Editorial -- CONTENT -- Preface -- Introduction -- The Goths Drew Swords Together" Individual and Collective Acts of Violence by Gothic Warlords and their War Bands -- The Torture of Bodies in Byzantium After the Riots (Sec. IV-VIII) -- One man slashes, one slays, one warns, one wounds:́ Injury and Death in Anglo-Scottish Combat, c.1296-c.1403 -- Willing Body, Willing Mind: Non- Combatant Culpability According to English Combatant Writers, 1327-77 -- Body Techniques of Combat: The Depiction of a Personal Fighting System in the Fight Books of Hans Talhofer (1443-1467 CE) -- Six Weeks to Prepare for Combat: Instruction and Practices from the Fight Books at the End of the Middle Ages, a Note on Ritualised Single Combats -- The Body of the Condottiero A Link Between Physical Pain and Military Virtue as it was Interpreted in Renaissance Italy -- Two Kinds of War? Brutality and Atrocity in Later Medieval Scotland -- Logistics and Food Supply in the Crònica of Ramon Muntaner -- Summary and Conclusions: Silent Men and the Art of Fighting -- Contributors.
|
| 588 |
|
|
|a Description based on publisher supplied metadata and other sources.
|
| 590 |
|
|
|a Electronic reproduction. Ann Arbor, Michigan : ProQuest Ebook Central, 2023. Available via World Wide Web. Access may be limited to ProQuest Ebook Central affiliated libraries.
|
| 655 |
|
4 |
|a Electronic books.
|
| 776 |
0 |
8 |
|i Print version:
|a Rogge, Jörg
|t Killing and Being Killed: Bodies in Battle
|d Bielefeld : transcript,c2018
|z 9783837637830
|
| 797 |
2 |
|
|a ProQuest (Firm)
|
| 830 |
|
0 |
|a Mainzer Historische Kulturwissenschaften
|
| 856 |
4 |
0 |
|u https://ebookcentral.proquest.com/lib/matrademy/detail.action?docID=6759152
|z Click to View
|